Klicke die Landkreise von Schleswig-Holstein auf einer Karte - Statistiken

Allgemein
  • Dieses Quiz wurde 249 mal gespielt
  • Das Durchschnittsergebnis liegt bei 11 aus 15
Antworten auf der Karte
Die Antworten werden auf der Karte rot bzw. grün angezeigt, abhängig davon wie oft sie richtig erraten wurden.
 
Antwortstatistiken
Antwort % Korrekt
Nordfriesland
93%
Schleswig-Flensburg
87%
Kiel
84%
Ostholstein
84%
Dithmarschen
79%
Flensburg
79%
Lübeck
77%
Rendsburg-Eckernförde
77%
Neumünster
71%
Herzogtum Lauenburg
70%
Pinneberg
69%
Segeberg
67%
Plön
66%
Steinburg
64%
Stormarn
61%
Keine übereinstimmenden Quizze gefunden
Verteilung der Resultate
Anzahl Personen mit jedem Resultat
Perzentil nach korrekt beantworteten Fragen
Ihre Resultats-Entwicklung
Sie haben dieses Quiz noch nicht gespielt